|
|
|
|
| LEADER |
01972nam a2200469Ia 4500 |
| 001 |
EBC182121 |
| 003 |
MiAaPQ |
| 005 |
20200520144314.0 |
| 006 |
m o d | |
| 007 |
cr cn||||||||| |
| 008 |
041108s2005 enka sb 101 0 eng d |
| 010 |
|
|
|z 2004065147
|
| 015 |
|
|
|a GBA568027
|2 bnb
|
| 020 |
|
|
|z 0415341337 (hbk.) :
|
| 035 |
|
|
|a (MiAaPQ)EBC182121
|
| 035 |
|
|
|a (Au-PeEL)EBL182121
|
| 035 |
|
|
|a (CaPaEBR)ebr10163392
|
| 035 |
|
|
|a (CaONFJC)MIL16446
|
| 035 |
|
|
|a (OCoLC)437250921
|
| 040 |
|
|
|a MiAaPQ
|c MiAaPQ
|d MiAaPQ
|
| 050 |
|
4 |
|a HD4318
|b .C418 2005
|
| 082 |
0 |
4 |
|a 338.95105
|2 22
|
| 245 |
0 |
0 |
|a Challenges for China's development
|h [electronic resource] :
|b an enterprise perspective /
|c edited by David H. Brown and Alasdair MacBean.
|
| 260 |
|
|
|a London :
|b Routledge,
|c 2005.
|
| 300 |
|
|
|a xvi, 180 p. :
|b ill.
|
| 490 |
1 |
|
|a Routledge contemporary China series ;
|v 4
|
| 500 |
|
|
|a "This book has its origins in the inaugural conference of the Lancaster University Management School's Centre for Management in China in April 2003"--pref.
|
| 504 |
|
|
|a Includes bibliographical references and index.
|
| 533 |
|
|
|a Electronic reproduction. Ann Arbor, MI : ProQuest, 2015. Available via World Wide Web. Access may be limited to ProQuest affiliated libraries.
|
| 650 |
|
0 |
|a Business enterprises
|z China
|v Congresses.
|
| 650 |
|
0 |
|a Privatization
|z China
|v Congresses.
|
| 650 |
|
0 |
|a Government business enterprises
|z China
|v Congresses.
|
| 650 |
|
0 |
|a Government ownership
|z China
|v Congresses.
|
| 651 |
|
0 |
|a China
|x Economic policy
|v Congresses.
|
| 651 |
|
0 |
|a China
|x Economic conditions
|v Congresses.
|
| 655 |
|
4 |
|a Electronic books.
|
| 700 |
1 |
|
|a Brown, David H.,
|d 1946-
|
| 700 |
1 |
|
|a MacBean, Alasdair I.
|
| 710 |
2 |
|
|a University of Lancaster.
|b Management School.
|
| 710 |
2 |
|
|a ProQuest (Firm)
|
| 830 |
|
0 |
|a Routledge contemporary China series ;
|v 4.
|
| 856 |
4 |
0 |
|u https://ebookcentral.proquest.com/lib/matrademy/detail.action?docID=182121
|z Click to View
|